000 00391nam a22001697a 4500
005 20160614115559.0
008 160614b xxu||||| |||| 00| 0 eng d
020 _a81-7929-086-7
041 _aeng
082 _b7392
100 _aKapur, Shashi
_91860
245 _aHand book for Personnel Managers
260 _bInfuty books
300 _a474
650 _aManagement
_9241
942 _cBK
999 _c2632
_d2631